[Event "DEN-ch corr"]
[Site "Denmark"]
[Date "2002.??.??"]
[Round "?"]
[White "Christensen, Bent"]
[Black "Vermehren, Kaj"]
[Result "0-1"]
[WhiteElo "2394"]
[BlackElo "2016"]
[PlyCount "38"]
[EventDate "2002.09.23"]
[EventType "tourn (corr)"]
[EventRounds "11"]
[EventCountry "DEN"]
[SourceTitle "Corr 2006"]
[Source "ChessBase"]
[SourceDate "2006.04.01"]
[SourceVersion "3"]
[SourceVersionDate "2006.04.01"]
[SourceQuality "1"]

1. d4 Nf6 2. c4 e6 3. Nf3 d5 4. Bg5 dxc4 5. e4 b5 6. a4 c6 7. e5 h6 8. Bh4 g5 9. Bg3 Bb4+ 10. Nc3 Ne4 11. Qc2 Nxg3 12. hxg3 g4 13. Nd2 Qxd4 14. Qe4 Bxc3 15. bxc3 Qxc3 16. Rd1 a6 17. Be2 Nd7 18. Rh5 Bb7 19. Bxg4 Nc5 0-1

[Event "DEN-ch corr"]
[Site "Denmark"]
[Date "2002.??.??"]
[Round "?"]
[White "Lylloff, Knud Erik"]
[Black "Vermehren, Kaj"]
[Result "1/2-1/2"]
[WhiteElo "2006"]
[BlackElo "2016"]
[PlyCount "58"]
[EventDate "2002.09.23"]
[EventType "tourn (corr)"]
[EventRounds "11"]
[EventCountry "DEN"]
[SourceTitle "Corr 2006"]
[Source "ChessBase"]
[SourceDate "2006.04.01"]
[SourceVersion "3"]
[SourceVersionDate "2006.04.01"]
[SourceQuality "1"]

1. e4 e5 2. Nf3 Nf6 3. Nxe5 d6 4. Nf3 Nxe4 5. d4 d5 6. Bd3 Be7 7. 0-0 Nc6 8. Re1 Bg4 9. c4 Nf6 10. cxd5 Bxf3 11. Qxf3 Qxd5 12. Qxd5 Nxd5 13. Nc3 0-0-0 14. Nxd5 Rxd5 15. Be3 Bf6 16. Be4 Rb5 17. Bxc6 bxc6 18. b3 Rd8 19. Rac1 Bxd4 20. Bxd4 Rxd4 21. Rxc6 a5 22. Rec1 Rb7 23. Ra6 Rb5 24. g3 Kb7 25. Rac6 Rd7 26. R6c4 Rbd5 27. Kg2 Rd2 28. a4 R2d6 29. Rc5 Rd5 1/2-1/2

[Event "DEN-ch corr"]
[Site "Denmark"]
[Date "2002.??.??"]
[Round "?"]
[White "Madsen, Flemming Lind"]
[Black "Vermehren, Kaj"]
[Result "1-0"]
[WhiteElo "2190"]
[BlackElo "2016"]
[PlyCount "83"]
[EventDate "2002.09.23"]
[EventType "tourn (corr)"]
[EventRounds "11"]
[EventCountry "DEN"]
[SourceTitle "Corr 2006"]
[Source "ChessBase"]
[SourceDate "2006.04.01"]
[SourceVersion "3"]
[SourceVersionDate "2006.04.01"]
[SourceQuality "1"]

1. e4 e6 2. d4 d5 3. Nc3 Nf6 4. Bg5 dxe4 5. Nxe4 Nbd7 6. Nf3 h6 7. Nxf6+ Nxf6 8. Bh4 Qd5 9. Be2 g5 10. Bg3 g4 11. Nh4 Qa5+ 12. c3 Rg8 13. 0-0 Bd7 14. Be5 Be7 15. Qc1 Bc6 16. b4 Qa4 17. Bd1 Qb5 18. Re1 0-0-0 19. a4 Qd3 20. b5 Bd5 21. Be2 Qh7 22. b6 axb6 23. a5 Ne4 24. axb6 Bxh4 25. bxc7 Bxf2+ 26. Kh1 Bxe1 27. cxd8Q+ Kxd8 28. Qxe1 g3 29. hxg3 f6 30. c4 fxe5 31. cxd5 Nxg3+ 32. Kg1 Nxe2+ 33. Qxe2 Qg6 34. d6 exd4 35. Qb2 Qxg2+ 36. Qxg2 Rxg2+ 37. Kxg2 Kd7 38. Kf3 Kxd6 39. Ke4 d3 40. Kxd3 Ke5 41. Rb1 Kf4 42. Rxb7 1-0

[Event "DEN-ch corr"]
[Site "Denmark"]
[Date "2001.??.??"]
[Round "?"]
[White "Vermehren, Kaj"]
[Black "Willumsen, Niels Henrik"]
[Result "1-0"]
[WhiteElo "2016"]
[BlackElo "1803"]
[PlyCount "61"]
[EventDate "2001.??.??"]
[EventType "tourn (corr)"]
[EventRounds "13"]
[EventCountry "DEN"]
[SourceTitle "Corr 2006"]
[Source "ChessBase"]
[SourceDate "2006.04.01"]
[SourceVersion "3"]
[SourceVersionDate "2006.04.01"]
[SourceQuality "1"]

1. e4 c5 2. Nc3 Nc6 3. Nf3 g6 4. d4 cxd4 5. Nxd4 Bg7 6. Be3 d6 7. Nd5 e6 8. Nc3 Nf6 9. Ndb5 0-0 10. Qxd6 Qa5 11. 0-0-0 a6 12. Nd4 Nxd4 13. Rxd4 Ng4 14. Ra4 Qe5 15. Qxe5 Bxe5 16. Bb6 Bd7 17. Ra3 Rac8 18. f3 Rc6 19. Ba7 Ra8 20. Bg1 Nf6 21. Rb3 b5 22. Bd3 Rac8 23. Ne2 a5 24. Kb1 b4 25. a3 Rb8 26. f4 Bc7 27. axb4 axb4 28. e5 Nd5 29. Bd4 Bb6 30. c4 Nxf4 31. Bxb6 1-0